000
00239nam a2200097Ia 4500
001
677434
005
20250826161018.0
008
250824s9999 xx 000 0 und d
245
0
_a
ROBİN HOOD
_c
HOWARD PYLE
260
_b
GENÇ TİMAŞ YAYINLARI
999
_c
677434
_d
677434